| 000 | 00353nam a2200121 a 4500 | ||
|---|---|---|---|
| 005 | 20140513081051.0 | ||
| 008 | 020606s19uu xx 00 eng d | ||
| 050 |
_aP 372.7 _bFr 2006 |
||
| 245 | _aSimple fractions. | ||
| 260 |
_aQuezon City, Manila : _bMabuhay Educational Center, Inc, _c2006. |
||
| 650 |
_aFractions- _xstudy and teaching |
||
| 999 |
_c116322 _d116322 |
||